000 00345nam a2200133Ia 4500
008 240624s9999 xx 000 0 und d
041 _aeng
082 _a658.8 HUM
100 _aHUMPHREY RONALD H
245 _aEFFECTIVE LEADERSHIP THEORY CASES AND AP
260 _c2014
_aLondon
_bSage
300 _axxiv, : 451 : p. : cm. ; 22
365 _c
_b38
999 _c27566
_d27566